000 00650nam a2200181Ia 4500
003 GCL
008 140319s9999 xx 000 0 ara d
040 _aGCL /
_cGCL
082 0 4 _a711.4
_bم ا
100 1 _aمركز الدراسات التخطيطية المعمارية
245 1 0 _aالارتقاء بالبيئة العمرانية للمدن /
_cمركز الدراسات التخطيطية المعمارية
260 _a[S.N] :
_bمركز الدراسات التخطيطية والمعمارية ،
_c1986
300 _a220 ص
490 _a
650 0 4 _aالعمارة المصرية
650 0 4 _aالعمارة
942 _2ddc
_cBK
999 _c54240
_d54240